|
|
|
|
| LEADER |
00000nam0a2200000 4500 |
| 001 |
44614 |
| 005 |
20231101210907.0 |
| 035 |
|
|
|a (RuTPU)RU\TPU\book\46332
|
| 090 |
|
|
|a 44614
|
| 100 |
|
|
|a 20021122d1980 km y0rusy50 ca
|
| 101 |
0 |
|
|a rus
|
| 102 |
|
|
|a RU
|
| 105 |
|
|
|a y g 001zy
|
| 200 |
1 |
|
|a Характеристики излучений радиоактивных нуклидов применяемых в народном хозяйстве
|e Оцененные данные
|e Справочник
|f Ю. В. Хольнов, В. П. Чечев, Ш. В. Камынов и др.
|
| 210 |
|
|
|a Москва
|c Атомиздат
|d 1980
|
| 215 |
|
|
|a 376 с.
|
| 320 |
|
|
|a Библиогр.: с. 214-374.
|
| 606 |
1 |
|
|a Нуклиды радиоактивные
|x Физика
|2 stltpush
|3 (RuTPU)RU\TPU\subj\71490
|9 85378
|
| 610 |
1 |
|
|a физика
|
| 610 |
1 |
|
|a ядерно-физические характеристики
|
| 610 |
1 |
|
|a радиоактивные нуклиды
|
| 610 |
1 |
|
|a оценка
|
| 610 |
1 |
|
|a данные
|
| 610 |
1 |
|
|a таблицы
|
| 610 |
1 |
|
|a справочники
|
| 675 |
|
|
|a 539.163(035)
|v 3
|
| 701 |
|
1 |
|a Хольнов
|b Ю. В.
|g Юрий Васильевич
|
| 701 |
|
1 |
|a Чечев
|b В. П.
|g Валерий Павлович
|
| 701 |
|
1 |
|a Камынов
|b Ш. В.
|g Шамиль Витольдович
|
| 701 |
|
1 |
|a Кузьменко
|b Н. К.
|g Николай Константинович
|
| 701 |
|
1 |
|a Недовесов
|b В. Г.
|g Владимир Георгиевич
|
| 801 |
|
1 |
|a RU
|b 63413507
|c 20021122
|g PSBO
|
| 801 |
|
2 |
|a RU
|b 63413507
|c 20191004
|g PSBO
|
| 942 |
|
|
|c BK
|